[Event "Angarsk Alfa Cup 1st"]
[Site "Angarsk"]
[Date "2015.05.22"]
[Round "4"]
[White "Siuniakov, Igor"]
[Black "Kuzmin, Ilya"]
[Result "1/2-1/2"]
[WhiteElo "2300"]
[BlackElo "2179"]
[PlyCount "82"]
[EventDate "2015.05.19"]
[EventType "tourn"]
[EventRounds "11"]
[EventCountry "RUS"]
[SourceTitle "EXT 2016"]
[Source "ChessBase"]
[SourceDate "2015.10.08"]
[SourceVersion "1"]
[SourceVersionDate "2015.10.08"]
[SourceQuality "1"]

1. Nf3 Nf6 2. g3 c5 3. Bg2 Nc6 4. 0-0 d5 5. d4 e6 6. c4 dxc4 7. dxc5 Qxd1 8. Rxd1 Bxc5 9. Nfd2 Na5 10. Nc3 Bd7 11. Nde4 Be7 12. Nxf6+ gxf6 13. Ne4 f5 14. Nd6+ Bxd6 15. Rxd6 Ke7 16. Bf4 f6 17. Rad1 Rhd8 18. Be3 Ba4 19. Rxd8 Rxd8 20. Rxd8 Kxd8 21. Bxa7 Kc7 22. Bc5 Nc6 23. Bxc6 Kxc6 24. Be7 Kd5 25. Bxf6 e5 26. Kf1 Be8 27. Ke1 b5 28. Kd2 Bh5 29. f3 Ke6 30. Bg7 Kd5 31. h3 Be8 32. Bh6 Kd4 33. Bg7 Kd5 34. g4 e4 35. a3 exf3 36. exf3 fxg4 37. hxg4 h5 38. Ke3 hxg4 39. fxg4 Ke6 40. Kf4 Bg6 41. Kg5 Kf7 1/2-1/2

[Event "Irkutsk Region-ch"]
[Site "Irkutsk"]
[Date "2014.10.20"]
[Round "3"]
[White "Fellenger, Alexander"]
[Black "Siuniakov, Igor"]
[Result "1-0"]
[WhiteElo "2147"]
[BlackElo "2283"]
[PlyCount "109"]
[EventDate "2014.10.18"]
[EventType "tourn"]
[EventRounds "11"]
[EventCountry "RUS"]
[SourceTitle "CBM 163 Extra"]
[Source "ChessBase"]
[SourceDate "2014.12.23"]
[SourceVersion "1"]
[SourceVersionDate "2014.12.23"]
[SourceQuality "1"]

1. e4 c5 2. Nf3 d6 3. d4 cxd4 4. Qxd4 Bd7 5. Bg5 Nc6 6. Qd2 Nf6 7. Nc3 a6 8. Bc4 e6 9. Bb3 b5 10. a3 Be7 11. Rd1 Rc8 12. 0-0 Qc7 13. Kh1 h6 14. Bh4 g5 15. Bg3 Ne5 16. Nd4 Nh5 17. Qe3 Qb6 18. f4 gxf4 19. Bxf4 Nxf4 20. Qxf4 Bg5 21. Qf2 Qc5 22. Qe2 h5 23. Nf3 Qe3 24. Nxg5 Rxc3 25. Qxe3 Rxe3 26. Rxd6 a5 27. Ra6 Ke7 28. Rxa5 f6 29. Nf3 Rxe4 30. Nxe5 fxe5 31. Ra7 Rf8 32. Kg1 Rd4 33. Rxf8 Kxf8 34. Kf2 Bc6 35. Rc7 Rf4+ 36. Ke3 Bxg2 37. Bxe6 Rf3+ 38. Ke2 e4 39. Rc5 Ke7 40. Bc8 Rf8 41. Bb7 Kd6 42. Rg5 Bf3+ 43. Ke3 Bh1 44. Bxe4 Re8 45. Rd5+ Kc7 46. Rd4 Kb6 47. Kd3 Bxe4+ 48. Rxe4 Rg8 49. Re6+ Kc7 50. Re5 h4 51. Rxb5 Rg2 52. Rh5 Rxh2 53. a4 Rh1 54. Kc4 h3 55. b4 1-0

[Event "Irkutsk Region-ch"]
[Site "Irkutsk"]
[Date "2014.10.18"]
[Round "1"]
[White "Bahturin, Konstantin"]
[Black "Siuniakov, Igor"]
[Result "0-1"]
[WhiteElo "2165"]
[BlackElo "2283"]
[PlyCount "80"]
[EventDate "2014.10.18"]
[EventType "tourn"]
[EventRounds "11"]
[EventCountry "RUS"]
[SourceTitle "CBM 163 Extra"]
[Source "ChessBase"]
[SourceDate "2014.12.23"]
[SourceVersion "1"]
[SourceVersionDate "2014.12.23"]
[SourceQuality "1"]

1. d4 Nf6 2. c4 g6 3. Nc3 Bg7 4. e4 0-0 5. f3 d6 6. Nge2 c5 7. d5 e6 8. Bg5 h6 9. Be3 exd5 10. cxd5 a6 11. a4 Nbd7 12. Nc1 Ne5 13. Qd2 Bd7 14. Be2 b5 15. axb5 axb5 16. Rxa8 Qxa8 17. Nxb5 Bxb5 18. Bxb5 Rb8 19. Be2 Qa1 20. 0-0 Rxb2 21. Qd1 Qa3 22. Bf2 h5 23. Bg3 Qc3 24. Be1 Qc2 25. Bg3 Qc3 26. Be1 Qe3+ 27. Bf2 Qa3 28. Bg3 c4 29. Kh1 Bh6 30. Be1 Qe3 31. f4 Bxf4 32. g3 Qxe4+ 33. Bf3 Nxf3 34. Qxf3 Qxf3+ 35. Rxf3 Be5 36. Rf2 Rb1 37. Rc2 Bb2 38. Bd2 c3 39. Bg5 Nxd5 40. Kg2 f6 0-1

[Event "Irkutsk Baykal op"]
[Site "Irkutsk"]
[Date "2014.06.12"]
[Round "6"]
[White "Siuniakov, Igor"]
[Black "Ergeshov, Timur"]
[Result "1-0"]
[WhiteElo "2291"]
[BlackElo "1967"]
[PlyCount "79"]
[EventDate "2014.06.07"]
[EventType "swiss"]
[EventRounds "9"]
[EventCountry "RUS"]
[SourceTitle "CBM 161 Extra"]
[Source "ChessBase"]
[SourceDate "2014.08.29"]
[SourceVersion "1"]
[SourceVersionDate "2014.08.29"]
[SourceQuality "1"]

1. e4 c5 2. Nf3 d6 3. d4 cxd4 4. Nxd4 Nf6 5. Nc3 a6 6. Bg5 e5 7. Nf5 Bxf5 8. Bxf6 Qxf6 9. Nd5 Qd8 10. exf5 Be7 11. g3 0-0 12. Bg2 Nc6 13. Qd3 Rc8 14. c3 Re8 15. 0-0 Bf8 16. Rfd1 Ne7 17. f6 Nxd5 18. fxg7 Bxg7 19. Bxd5 Qe7 20. Be4 Rcd8 21. Bxh7+ Kh8 22. Be4 Qg5 23. Qf3 Rf8 24. h4 Qh6 25. Qf5 b6 26. Rd3 Kg8 27. Rad1 Rfe8 28. Bd5 Qf6 29. Qe4 Re7 30. Rf3 Qh6 31. Rf5 Re6 32. Rd3 Rf6 33. Rdf3 Rxf5 34. Qxf5 Rf8 35. Kg2 Kh8 36. g4 f6 37. Be4 Rg8 38. g5 Qh5 39. Rg3 d5 40. gxf6 1-0

[Event "Novokuznetsk Kuzbass op"]
[Site "Novokuznetsk"]
[Date "2014.??.??"]
[Round "8"]
[White "Siuniakov, Igor"]
[Black "Piskunov, Alexandr"]
[Result "1-0"]
[WhiteElo "2291"]
[BlackElo "2328"]
[PlyCount "125"]
[EventDate "2014.08.11"]
[EventType "swiss"]
[EventRounds "9"]
[EventCountry "RUS"]
[SourceTitle "CBM 162 Extra"]
[Source "ChessBase"]
[SourceDate "2014.10.17"]
[SourceVersion "1"]
[SourceVersionDate "2014.10.17"]
[SourceQuality "1"]

1. d4 d6 2. Nf3 Nf6 3. c4 g6 4. Nc3 Bf5 5. Qb3 b6 6. d5 Bg7 7. Nd4 Bd7 8. Qd1 e5 9. Nc2 0-0 10. e4 a5 11. Bg5 h6 12. Bh4 Qe8 13. Be2 Na6 14. g4 Nh7 15. Qd2 Nc5 16. 0-0-0 f5 17. gxf5 gxf5 18. Rhg1 f4 19. Bg4 Kh8 20. f3 Bf6 21. Bf2 Na6 22. h4 Rg8 23. Qe2 Qe7 24. Bxd7 Qxd7 25. Nb5 Rxg1 26. Rxg1 Qh3 27. Rg6 Rg8 28. Rxg8+ Kxg8 29. a3 Bxh4 30. Bxh4 Qxh4 31. b4 Ng5 32. c5 Qh1+ 33. Kb2 Qxf3 34. Qxf3 Nxf3 35. Nxc7 Nb8 36. c6 Kf7 37. b5 Ke7 38. Na6 Nxc6 39. bxc6 h5 40. a4 Nd2 41. Na3 b5 42. c7 Kd7 43. Nxb5 Nc4+ 44. Kc2 h4 45. Nb8+ Kc8 46. Nc6 Nb6 47. Nxd6+ Kxc7 48. Nb5+ Kc8 49. Nxe5 Nxa4 50. Nf3 Nc5 51. e5 h3 52. e6 a4 53. Kc3 Ne4+ 54. Kd4 Ng5 55. Nh2 Kd8 56. Ke5 f3 57. d6 f2 58. e7+ Kd7 59. Kf6 Ne6 60. Kf7 Ng5+ 61. Kf8 Ne6+ 62. Kg8 a3 63. Nc7 1-0

[Event "Kemerovo Region Cup"]
[Site "Kemerovo"]
[Date "2013.09.03"]
[Round "6"]
[White "Siuniakov, Igor"]
[Black "Sitnikov, Dmitrij"]
[Result "0-1"]
[WhiteElo "2299"]
[BlackElo "2470"]
[PlyCount "94"]
[EventDate "2013.08.28"]
[EventType "swiss"]
[EventRounds "7"]
[EventCountry "RUS"]
[SourceTitle "EXT 2014"]
[Source "ChessBase"]
[SourceDate "2013.11.20"]
[SourceVersion "1"]
[SourceVersionDate "2013.11.20"]
[SourceQuality "1"]

1. c4 Nf6 2. d4 e6 3. g3 d5 4. Bg2 c6 5. Nf3 Nbd7 6. Qc2 Be7 7. 0-0 0-0 8. Nc3 dxc4 9. b3 cxb3 10. axb3 Nd5 11. Ne4 h6 12. Bb2 Re8 13. Rfd1 Nf8 14. Ne5 Qc7 15. Nc5 b6 16. Ncd3 Bb7 17. Rdc1 Rec8 18. Qd2 a5 19. e4 Nb4 20. d5 c5 21. Ng4 Nxd3 22. Qxd3 Rd8 23. Qc3 f6 24. dxe6 Nxe6 25. Qc4 Qc6 26. Ne3 b5 27. Nf5 Bf8 28. Qe2 Qe8 29. Qg4 h5 30. Qe2 g6 31. Nh4 Bg7 32. Qe3 Qf7 33. f4 Bh6 34. Rd1 Rxd1+ 35. Rxd1 a4 36. Qe2 a3 37. Ba1 Nd4 38. Bxd4 cxd4 39. f5 Be3+ 40. Kf1 a2 41. fxg6 Qxb3 42. Ra1 b4 43. e5 Qb1+ 44. Qd1 Qxd1+ 45. Rxd1 Bxg2+ 46. Kxg2 fxe5 47. Nf5 a1Q 0-1

[Event "Kemerovo Region Cup"]
[Site "Kemerovo"]
[Date "2013.08.28"]
[Round "1"]
[White "Siuniakov, Igor"]
[Black "Smirnov, Pavel"]
[Result "0-1"]
[WhiteElo "2304"]
[BlackElo "2634"]
[PlyCount "78"]
[EventDate "2013.08.28"]
[EventType "swiss"]
[EventRounds "7"]
[EventCountry "RUS"]
[SourceTitle "EXT 2014"]
[Source "ChessBase"]
[SourceDate "2013.11.20"]
[SourceVersion "1"]
[SourceVersionDate "2013.11.20"]
[SourceQuality "1"]

1. Nf3 c5 2. e4 d6 3. c3 Nf6 4. Be2 g6 5. 0-0 Bg7 6. Re1 0-0 7. Bf1 Nc6 8. d4 cxd4 9. cxd4 Bg4 10. d5 Ne5 11. Be2 Nxf3+ 12. Bxf3 Bxf3 13. Qxf3 Nd7 14. Nc3 Rc8 15. Bg5 h6 16. Bh4 Ne5 17. Qe2 Nc4 18. Rac1 g5 19. Bg3 Qa5 20. Red1 b5 21. h4 Nxb2 22. Qxb2 Rxc3 23. Rxc3 b4 24. hxg5 bxc3 25. Qc1 hxg5 26. Qxg5 Qxa2 27. Qg4 c2 28. Rc1 Qc4 29. f3 f5 30. Qg6 Qd4+ 31. Kh2 Qd2 32. Qe6+ Kh8 33. Rxc2 Qxc2 34. Qxe7 fxe4 35. fxe4 Rf6 36. Qe8+ Kh7 37. Bh4 Rh6 38. Kh3 Qd1 39. Qd7 Qh1+ 0-1

[Event "Kemerovo op"]
[Site "Kemerovo"]
[Date "2013.07.26"]
[Round "7"]
[White "Feofanov, Andrei"]
[Black "Siuniakov, Igor"]
[Result "1/2-1/2"]
[WhiteElo "2039"]
[BlackElo "2304"]
[PlyCount "50"]
[EventDate "2013.07.22"]
[EventType "swiss"]
[EventRounds "9"]
[EventCountry "RUS"]
[SourceTitle "EXT 2014"]
[Source "ChessBase"]
[SourceDate "2013.11.20"]
[SourceVersion "1"]
[SourceVersionDate "2013.11.20"]
[SourceQuality "1"]

1. Nf3 Nf6 2. c4 g6 3. g3 Bg7 4. Bg2 0-0 5. 0-0 d6 6. d4 Nc6 7. d5 Na5 8. Nfd2 c5 9. Nc3 a6 10. Qc2 Rb8 11. b3 b5 12. Bb2 bxc4 13. bxc4 Bh6 14. Ncb1 e5 15. dxe6 Bxe6 16. Na3 Bg7 17. Bc3 Bd7 18. Rab1 Qc7 19. Ne4 Nxe4 20. Bxg7 Kxg7 21. Bxe4 Nc6 22. Qc3+ f6 23. Nc2 Rfe8 24. Bxc6 Bxc6 25. Ne3 Qe7 1/2-1/2

[Event "Novokuznetsk Siberia-ch"]
[Site "Novokuznetsk"]
[Date "2013.03.26"]
[Round "6"]
[White "Siuniakov, Igor"]
[Black "Khramtsov, Anatoliy"]
[Result "0-1"]
[WhiteElo "2321"]
[BlackElo "2291"]
[PlyCount "90"]
[EventDate "2013.03.21"]
[EventType "swiss"]
[EventRounds "9"]
[EventCountry "RUS"]
[SourceTitle "CBM 153 Extra"]
[Source "ChessBase"]
[SourceDate "2013.04.22"]
[SourceVersion "1"]
[SourceVersionDate "2013.04.22"]
[SourceQuality "1"]

1. c4 Nf6 2. Nf3 e6 3. g3 d5 4. Bg2 Be7 5. 0-0 0-0 6. d4 c5 7. dxc5 Bxc5 8. Nc3 Nc6 9. cxd5 exd5 10. Bg5 Be6 11. Rc1 Be7 12. Nd4 Nxd4 13. Qxd4 h6 14. Bf4 Qa5 15. Qa4 Qxa4 16. Nxa4 Rac8 17. Be3 b6 18. Nc3 Bc5 19. Bxc5 Rxc5 20. Rcd1 Rd8 21. Rd4 Rd7 22. Rfd1 Kf8 23. h3 Ke7 24. e3 Rc4 25. Bf1 Rxd4 26. Rxd4 Rc7 27. Kh2 Ne4 28. Nxd5+ Bxd5 29. Rxd5 Nxf2 30. Kg1 Rc2 31. b4 f6 32. Rd4 Rxa2 33. b5 g5 34. g4 Rb2 35. Rd5 Ne4 36. Rd3 Rxb5 37. Rd1 Rb2 38. Rc1 Nc5 39. Bc4 a5 40. e4 Kd6 41. Rd1+ Ke5 42. Rd5+ Kxe4 43. Rf5 Kd4 44. Bf7 Ne4 45. Be8 Nd6 0-1

[Event "Kemerovo Kuzbass-ch"]
[Site "Kemerovo"]
[Date "2012.11.28"]
[Round "8"]
[White "Feofanov, Andrei"]
[Black "Siuniakov, Igor"]
[Result "1/2-1/2"]
[WhiteElo "1978"]
[BlackElo "2309"]
[PlyCount "96"]
[EventDate "2012.11.23"]
[EventType "swiss"]
[EventRounds "9"]
[EventCountry "RUS"]
[SourceTitle "CBM 151 Extra"]
[Source "ChessBase"]
[SourceDate "2012.12.18"]
[SourceVersion "1"]
[SourceVersionDate "2012.12.18"]
[SourceQuality "1"]

1. Nf3 Nf6 2. c4 g6 3. g3 Bg7 4. Bg2 0-0 5. 0-0 d6 6. d4 Nbd7 7. Nc3 e5 8. e4 c6 9. Re1 exd4 10. Nxd4 Ne5 11. b3 Qb6 12. h3 Qa5 13. Bb2 a6 14. Kh2 Re8 15. f4 Ned7 16. Nc2 Qc7 17. Qf3 a5 18. Rad1 Nc5 19. Ba3 Nfd7 20. Na4 Bf8 21. Nxc5 Nxc5 22. Bb2 f5 23. e5 dxe5 24. Bxe5 Qf7 25. Nd4 Ne4 26. Qf1 Nc3 27. Rd2 Ne4 28. Rd3 Bb4 29. Ree3 Nc5 30. Rd1 Ne4 31. Bxe4 fxe4 32. Rxe4 a4 33. Re2 axb3 34. axb3 Bd7 35. Nf3 h6 36. Bd6 Bc3 37. Ne5 Qe6 38. Bb4 Bxe5 39. Rxe5 Ra2+ 40. Rd2 Rxd2+ 41. Bxd2 Qd6 42. Rxe8+ Bxe8 43. Bc3 b5 44. f5 bxc4 45. bxc4 Kh7 46. Qb1 gxf5 47. Qxf5+ Kg8 48. c5 Qg6 1/2-1/2

[Event "Kemerovo Kuzbass-ch"]
[Site "Kemerovo"]
[Date "2012.11.27"]
[Round "6"]
[White "Siuniakov, Igor"]
[Black "Kljucharev, Sergey"]
[Result "1/2-1/2"]
[WhiteElo "2309"]
[BlackElo "2376"]
[PlyCount "126"]
[EventDate "2012.11.23"]
[EventType "swiss"]
[EventRounds "9"]
[EventCountry "RUS"]
[SourceTitle "CBM 151 Extra"]
[Source "ChessBase"]
[SourceDate "2012.12.18"]
[SourceVersion "1"]
[SourceVersionDate "2012.12.18"]
[SourceQuality "1"]

1. Nf3 Nf6 2. g3 d5 3. Bg2 e6 4. 0-0 Be7 5. d3 c5 6. Nbd2 Nc6 7. e4 Qc7 8. Re1 b6 9. c3 Bb7 10. exd5 Nxd5 11. a4 Rd8 12. Nc4 h6 13. Qb3 0-0 14. a5 b5 15. Qxb5 Ncb4 16. a6 Bc6 17. Qa5 Nc2 18. Nfe5 Ba8 19. Qxc7 Nxc7 20. Bxa8 Rxa8 21. Nc6 Bf6 22. Bd2 Nxe1 23. Bxe1 Nd5 24. Ra5 Rfc8 25. Rxc5 Kf8 26. N4a5 Nc7 27. d4 Nxa6 28. Rb5 Nb8 29. Nb4 Bd8 30. Nb7 Be7 31. Na5 Bxb4 32. Rxb4 Nc6 33. Ra4 Nxa5 34. Rxa5 a6 35. Kf1 Rc6 36. Ke2 Rb8 37. b4 Rb5 38. Ra2 e5 39. Kd3 exd4 40. c4 Rb7 41. Bd2 Rd7 42. h4 Ke7 43. Ra5 Rdc7 44. c5 Rd7 45. h5 Ke6 46. Bf4 Kd5 47. Bd6 Rb7 48. Ra4 g6 49. g4 Rb5 50. f4 gxh5 51. gxh5 f6 52. f5 Rc8 53. Bf4 Rg8 54. Rxa6 Rxb4 55. Rd6+ Kxc5 56. Rxf6 Rb3+ 57. Ke4 Re8+ 58. Re6 Rxe6+ 59. fxe6 Rb1 60. Bxh6 Re1+ 61. Kf5 Kd5 62. Bf4 Rxe6 63. h6 Rxh6 1/2-1/2

[Event "Kemerovo Kuzbass-ch"]
[Site "Kemerovo"]
[Date "2012.11.27"]
[Round "7"]
[White "Siuniakov, Igor"]
[Black "Vlassov, Nikolai"]
[Result "0-1"]
[WhiteElo "2309"]
[BlackElo "2427"]
[PlyCount "110"]
[EventDate "2012.11.23"]
[EventType "swiss"]
[EventRounds "9"]
[EventCountry "RUS"]
[SourceTitle "CBM 151 Extra"]
[Source "ChessBase"]
[SourceDate "2012.12.18"]
[SourceVersion "1"]
[SourceVersionDate "2012.12.18"]
[SourceQuality "1"]

1. Nf3 f5 2. e4 fxe4 3. Ng5 d5 4. d3 Qd6 5. dxe4 h6 6. Nf3 dxe4 7. Nfd2 Nf6 8. Nc3 Bf5 9. Qe2 Nc6 10. Qb5 Qd7 11. Nb3 a6 12. Qa4 Qc8 13. Qc4 e5 14. Be3 Be6 15. Qe2 Bb4 16. a3 Bxc3+ 17. bxc3 0-0 18. Nc5 Bf7 19. h3 b6 20. Nb3 Nd5 21. Bd2 Qf5 22. Qg4 Qh7 23. 0-0-0 a5 24. a4 Rad8 25. Bb5 Nce7 26. Rde1 c6 27. Bf1 Nf4 28. Bxf4 exf4 29. Nd4 h5 30. Qxf4 c5 31. Nb5 Bd5 32. Qg5 Rd7 33. Be2 Rxf2 34. Rhf1 Qf5 35. Qxf5 Rxf5 36. Rxf5 Nxf5 37. Bxh5 Re7 38. Bg4 g6 39. Kb2 e3 40. Bxf5 gxf5 41. g3 Bg2 42. Nd6 Bxh3 43. Nc4 e2 44. Kc1 Bg4 45. Kd2 Re6 46. Kd3 Kf7 47. Kd2 Kf6 48. Rb1 Kg5 49. Ke1 Rh6 50. Kf2 f4 51. gxf4+ Kxf4 52. Ne3 Bf3 53. Ng2+ Bxg2 54. Kxe2 Bc6 55. Rf1+ Ke5 0-1

[Event "Novokuznetsk op"]
[Site "Novokuznetsk"]
[Date "2012.08.05"]
[Round "4"]
[White "Sozin, Stepan"]
[Black "Siuniakov, Igor"]
[Result "1-0"]
[WhiteElo "2121"]
[BlackElo "2316"]
[PlyCount "51"]
[EventDate "2012.08.02"]
[EventType "swiss"]
[EventRounds "9"]
[EventCountry "RUS"]
[SourceTitle "EXT 2013"]
[Source "ChessBase"]
[SourceDate "2012.11.22"]
[SourceVersion "1"]
[SourceVersionDate "2012.11.22"]
[SourceQuality "1"]

1. e4 c5 2. Nf3 d6 3. c3 Nf6 4. Be2 Nc6 5. d4 cxd4 6. cxd4 Nxe4 7. d5 Qa5+ 8. Nc3 Nxc3 9. bxc3 Nd8 10. 0-0 e5 11. dxe6 Nxe6 12. Nd4 Nxd4 13. Qxd4 Qe5 14. Re1 Bd7 15. Qb4 0-0-0 16. Rb1 b5 17. Qa5 d5 18. Qa6+ Kc7 19. Qxa7+ Kc8 20. Rxb5 Bxb5 21. Bg4+ Qe6 22. Rxe6 fxe6 23. Bxe6+ Rd7 24. Bf4 Kd8 25. Qb6+ Ke7 26. Bg5+ 1-0

[Event "Irkutsk-ch"]
[Site "Irkutsk"]
[Date "2012.04.08"]
[Round "9"]
[White "Sergeev, Andrey"]
[Black "Siuniakov, Igor"]
[Result "1/2-1/2"]
[WhiteElo "2046"]
[BlackElo "2309"]
[PlyCount "180"]
[EventDate "2012.03.24"]
[EventType "swiss"]
[EventRounds "9"]
[EventCountry "RUS"]
[SourceTitle "EXT 2013"]
[Source "ChessBase"]
[SourceDate "2012.11.22"]
[SourceVersion "1"]
[SourceVersionDate "2012.11.22"]
[SourceQuality "1"]

1. d4 Nf6 2. c4 g6 3. Nc3 Bg7 4. e4 0-0 5. f3 d6 6. Be3 c5 7. dxc5 dxc5 8. Qxd8 Rxd8 9. Bxc5 Nc6 10. Nge2 b6 11. Ba3 Bb7 12. Rd1 Rxd1+ 13. Kxd1 Rd8+ 14. Kc2 e6 15. Nc1 Nd7 16. Nb3 Rc8 17. Nb5 Ba6 18. Kb1 Nde5 19. Nd6 Rd8 20. c5 Bxf1 21. Rxf1 bxc5 22. Bxc5 Nd3 23. Ba3 Nxb2 24. Bxb2 Rxd6 25. Bxg7 Kxg7 26. Rc1 f5 27. Nc5 Nd4 28. Nb3 Nc6 29. Nc5 Ne5 30. Rc2 f4 31. Kb2 Rc6 32. Kb3 g5 33. Rc3 Rd6 34. Kc2 Kf6 35. Nd3 Nc6 36. a3 Nd4+ 37. Kb2 Rb6+ 38. Ka2 Ra6 39. Rc5 Rb6 40. Rc4 Nc6 41. Nb4 Ne5 42. Rd4 a5 43. Nd3 Nxd3 44. Rxd3 Ke5 45. Rb3 Rc6 46. Rb5+ Kf6 47. Kb2 a4 48. Rb4 Rd6 49. Kc2 Rc6+ 50. Kd2 Rd6+ 51. Kc2 Rc6+ 52. Kd2 Rd6+ 53. Kc3 Rd1 54. Rxa4 Rg1 55. Rd4 Rxg2 56. Rd2 Rg1 57. Ra2 Ke5 58. a4 g4 59. fxg4 f3 60. Kd3 Rg2 61. Ra1 f2 62. Ke2 Rg1 63. Rf1 Rxg4 64. Kxf2 Rf4+ 65. Kg2 Rg4+ 66. Kf2 Rf4+ 67. Kg2 Rg4+ 68. Kf2 Rf4+ 69. Kg2 Rg4+ 70. Kf2 Rf4+ 71. Kg2 Rxe4 72. Ra1 Rg4+ 73. Kf3 Rg7 74. a5 Ra7 75. a6 Kd5 76. Ke3 Kc6 77. Ke4 Kb6 78. Ke5 Kc7 79. Kxe6 Kb8 80. Kf6 Rc7 81. Rb1+ Ka8 82. Rb6 Rc2 83. h4 Rg2 84. h5 Rg3 85. Re6 Rg2 86. Re7 Ra2 87. a7 h6 88. Kg7 Rg2+ 89. Kxh6 Rg6+ 90. Kh7 Rg7+ 1/2-1/2

[Event "Irkutsk-ch"]
[Site "Irkutsk"]
[Date "2012.04.07"]
[Round "8"]
[White "Siuniakov, Igor"]
[Black "Shelk, Alexander"]
[Result "1-0"]
[WhiteElo "2309"]
[BlackElo "2361"]
[PlyCount "109"]
[EventDate "2012.03.24"]
[EventType "swiss"]
[EventRounds "9"]
[EventCountry "RUS"]
[SourceTitle "EXT 2013"]
[Source "ChessBase"]
[SourceDate "2012.11.22"]
[SourceVersion "1"]
[SourceVersionDate "2012.11.22"]
[SourceQuality "1"]

1. c4 e6 2. Nf3 d5 3. g3 c5 4. Bg2 Nc6 5. 0-0 Nf6 6. d4 Be7 7. Nc3 dxc4 8. dxc5 Qxd1 9. Rxd1 Bxc5 10. Nd2 Na5 11. Nde4 Be7 12. Nxf6+ Bxf6 13. Ne4 Be5 14. Bd2 Nc6 15. Rac1 0-0 16. Rxc4 Bxb2 17. Rb1 Ba3 18. Nc5 Rd8 19. Bc3 Bxc5 20. Rxc5 Rd6 21. f4 f6 22. Kf2 Kf7 23. Be4 g6 24. g4 h6 25. h4 f5 26. gxf5 exf5 27. Bd5+ Kf8 28. Bf3 h5 29. a4 Ke8 30. a5 a6 31. Rb6 Kd7 32. e4 Ne7 33. Rb1 Rc6 34. Bd4 Rxc5 35. Bxc5 fxe4 36. Bxe4 Nf5 37. Rb6 Nxh4 38. Rf6 Rb8 39. Rf8 Ke6 40. Ba7 Ra8 41. Bb6 Nf5 42. Bxf5+ gxf5 43. Kg3 Kd5 44. Re8 Kc6 45. Kh4 Kd7 46. Rd8+ Kc6 47. Kxh5 Kb5 48. Kg5 Kc6 49. Kf6 Kb5 50. Ke5 Kc6 51. Kf6 Kb5 52. Ke7 Kc6 53. Rh8 Kd5 54. Rf8 Kc6 55. Rd8 1-0

[Event "Irkutsk-ch"]
[Site "Irkutsk"]
[Date "2012.03.24"]
[Round "1"]
[White "Ladyzhinsky, Igor"]
[Black "Siuniakov, Igor"]
[Result "0-1"]
[WhiteElo "1911"]
[BlackElo "2309"]
[PlyCount "76"]
[EventDate "2012.03.24"]
[EventType "swiss"]
[EventRounds "9"]
[EventCountry "RUS"]
[SourceTitle "EXT 2013"]
[Source "ChessBase"]
[SourceDate "2012.11.22"]
[SourceVersion "1"]
[SourceVersionDate "2012.11.22"]
[SourceQuality "1"]

1. e4 c5 2. c3 e6 3. d4 d5 4. e5 Nc6 5. Nf3 Qb6 6. a3 c4 7. Nbd2 Na5 8. b3 cxb3 9. Rb1 Bd7 10. c4 dxc4 11. Nxc4 Nxc4 12. Bxc4 Ne7 13. 0-0 Nd5 14. Bxd5 exd5 15. Rxb3 Qa6 16. Qd2 Be7 17. Qb2 b6 18. Bg5 Rc8 19. Bxe7 Kxe7 20. a4 Rhd8 21. Qa3+ Ke8 22. Ng5 Qxa4 23. e6 fxe6 24. Qb2 h6 25. Nh7 Kf7 26. h4 Qc4 27. Rf3+ Kg8 28. Nf6+ gxf6 29. Rxf6 Kg7 30. Qd2 Kxf6 31. Qxh6+ Ke7 32. Qg5+ Kf7 33. Qh5+ Kf8 34. Qh6+ Ke8 35. Qg6+ Ke7 36. Qg5+ Kd6 37. Qf4+ Kc6 38. Rc1 Kb7 0-1